Los Estados Unidos: historia de la gran república del norte
Guardat en:
| Autor principal: | |
|---|---|
| Format: | Llibre |
| Idioma: | espanyol |
| Publicat: |
Buenos Aires
Claridad
1944
|
| Matèries: | |
| Etiquetes: |
Afegir etiqueta
Sense etiquetes, Sigues el primer a etiquetar aquest registre!
|
MARC
| LEADER | 00000nam a2200000 a 4500 | ||
|---|---|---|---|
| 001 | UCO1504 | ||
| 003 | CL-VaPUC | ||
| 008 | 000519e19440000AG |||||||||||||||||spa|d | ||
| 082 | 0 | 4 | |a 973 |b LOO |2 21 |
| 100 | |a Loon, Hendrik Willem van |e autor |9 537254 | ||
| 245 | 1 | 4 | |a Los Estados Unidos: historia de la gran república del norte |
| 300 | |a 400 p | ||
| 942 | |c BK | ||
| 945 | |d 20000519 00:00:00 |a crobeson | ||
| 260 | |a Buenos Aires |b Claridad |c 1944 | ||
| 600 | 0 | 7 | |a WASHINGTON, GEORGE |2 CL-VaPUC |9 377771 |
| 600 | 0 | |a Jefferson, Thomas |d 1743-1826 |9 719853 | |
| 600 | 0 | 7 | |a FRANKLIN, BENJAMIN |2 CL-VaPUC |9 331855 |
| 600 | 0 | |a Rousseau, Jean Jacques |e autor |9 255697 | |
| 600 | 0 | 7 | |a HAMILTON, ALEXANDER |2 CL-VaPUC |9 258356 |
| 600 | 0 | |a Monroe, James, |c Presidente de Estados Unidos, |d 1758-1831 |9 377724 | |
| 650 | 7 | |a HISTORIA ESTADOUNIDENSE |2 CL-VaPUC |9 350346 | |
| 650 | 7 | |a DESCUBRIMIENTO Y EXPLORACIONES |2 CL-VaPUC |9 443648 | |
| 650 | 0 | |a Pueblos indígenas |9 357564 | |
| 650 | 7 | |a COLONIA |2 CL-VaPUC |9 443649 | |
| 650 | 7 | |a REVOLUCION AMERICANA |2 CL-VaPUC |9 439168 | |
| 650 | 0 | |a Independencia |9 344246 | |
| 650 | 0 | |a Revolución industrial |9 309422 | |
| 651 | 0 | |a Estados Unidos |9 255178 | |
| 583 | |a last modification |c 20000519 00:00:00 |k Rodrigo Vera | ||
| 999 | |c 288117 |d 288115 | ||
| 952 | |0 0 |1 0 |4 0 |6 973_000000000000000_LOO_1944 |7 0 |8 X |9 335367 |a BIBHIS |b BIBHIS |d 2019-11-20 |i 127502K |o 973 LOO 1944 |p 127502K |r 2024-01-30 |w 2019-11-20 |y BK_X |k HIS | ||